Statistics for All Modern-Day Countries Ever Controlled by Denmark on a Map

Click here to take the quiz!

General Stats

  • This quiz has been taken 3,434 times
    (706 since last reset)
  • The average score is 13 of 13

Answers on the Map

Answers color-coded by a green-red scale on the quiz's map according to % correct below.
 

Answer Stats

Countries% Correct
Denmark
100%
Finland
100%
Iceland
100%
Norway
100%
Sweden
100%
United Kingdom
100%
Germany
99%
Russia
99%
Estonia
98%
Latvia
97%
India
95%
Ghana
88%
United States
78%

Score Distribution

Percentile by Number Answered

Percent of People with Each Score

Your Score History

You have not taken this quiz since the last reset